000 00381nam a2200133 a 4500
001 000046160
005 20201002052657.0
008 150630s1991 dr a 000 0 spa d
040 _aDO-SdBNP
_bspa
_cBNPHU
082 _axxxxxxxxx
_bxxxxxxxxx
245 0 0 _aDos crisis simultaneas y un ideal liberador.
260 _aSanto Domingo :
_b[s.n.],
_c1991.
300 _a63 p. :
_bil. ;
_c22 cm.
999 _c45649
_d45649